Statistics for NFL Wide Receivers with 1,600+ yards in a season

Click here to take the quiz!

General Stats

  • This quiz has been taken 66 times
  • The average score is 23 of 34

Answer Stats

YearYardsTeamAnswer% Correct
20221,809MINJustin Jefferson
100%
20221,516LVDavante Adams
98%
20221,710MIATyreek Hill
98%
20211,947LARCooper Kupp
95%
20201,535BUFStefon Diggs
93%
20211,553GBDavante Adams
91%
20211,616MINJustin Jefferson
91%
20171,533PITAntonio Brown
88%
20181,677ATLJulio Jones
88%
20191,725NOMichael Thomas
88%
20181,524TBMike Evans
88%
20181,572HOUDeAndre Hopkins
86%
20151,871ATLJulio Jones
86%
20151,834PITAntonio Brown
84%
20141,698PITAntonio Brown
84%
20121,964DETCalvin Johnson
82%
20111,681DETCalvin Johnson
82%
20151,521HOUDeAndre Hopkins
81%
20021,722INDMarvin Harrison
75%
20031,632MINRandy Moss
74%
19991,663INDMarvin Harrison
68%
19951,848SFJerry Rice
67%
20141,619DENDemaryius Thomas
65%
20151,502NYJBrandon Marshall
61%
20031,696STLTorry Holt
56%
20131,646CLEJosh Gordon
54%
20001,635STLTorry Holt
54%
19951,603DALMichael Irvin
47%
19951,781STLIsaac Bruce
37%
19991,636JAXJimmy Smith
21%
19951,686DETHerman Moore
19%
20001,602DENRod Smith
16%
19651,602SDGLance Alworth
12%
19611,746HOUCharley Hennigan
4%

Score Distribution

Percentile by Number Answered

Percent of People with Each Score

Your Score History

You have not taken this quiz